Т. 54, № 4; Физикохимия поверхности и защита материалов

ग्रंथसूची विवरण
Parent link:Физикохимия поверхности и защита материалов/ Российская академия наук (РАН). Т. 54, № 4.— , 2008-
सारांश:Режим доступа: по договору с организацией-держателем ресурса
भाषा:रूसी
प्रकाशित: 2018
ऑनलाइन पहुंच:https://sciencejournals.ru/cgi/download.pl?jid=zamet&year=2018&file=zamet4_18v54cont.pdf
https://elibrary.ru/contents.asp?id=35323888
स्वरूप: MixedMaterials इलेक्ट्रोनिक पुस्तक
KOHA link:https://koha.lib.tpu.ru/cgi-bin/koha/opac-detail.pl?biblionumber=580827

MARC

LEADER 00000nam2a2200000 4500
001 580827
005 20231101130632.0
035 |a (RuTPU)RU\TPU\prd\280747 
035 |a RU\TPU\prd\277782 
090 |a 580827 
100 |a 20181024a19659999k y0rusy50 ca 
101 0 |a rus 
102 |a RU 
181 0 |a i  
182 0 |a b 
200 0 |a Т. 54, № 4  |b Электронный ресурс 
203 |a Текст  |c электронный 
210 |d 2018 
333 |a Режим доступа: по договору с организацией-держателем ресурса 
461 1 |0 (RuTPU)RU\TPU\prd\1491  |t Физикохимия поверхности и защита материалов  |f Российская академия наук (РАН)  |v Т. 54, № 4  |d 2008- 
801 0 |a RU  |b 63413507  |c 20010227  |g PSBO 
801 1 |a RU  |b 63413507  |c 20170619 
801 2 |a RU  |b 63413507  |c 20220224  |g RCR 
856 4 0 |u https://sciencejournals.ru/cgi/download.pl?jid=zamet&year=2018&file=zamet4_18v54cont.pdf 
856 4 0 |u https://elibrary.ru/contents.asp?id=35323888 
942 |c BK